| 000 | 00623nam a2200193 a 4500 | ||
|---|---|---|---|
| 001 | 000035740 | ||
| 005 | 20200930074556.0 | ||
| 008 | 111109s1972 mx 000 0 spa d | ||
| 040 |
_aDO-SdBNP _bspa _cBNPHU |
||
| 082 |
_axxxx _bF197r |
||
| 100 | 1 |
_aFals Borda, Orlando _961686 |
|
| 240 | 1 | 0 |
_aCooperatives and rural development in Latin America _lEspañol |
| 245 | 1 | 3 |
_aEl reformismo por dentro en América Latina. / _cOrlando Fals Borda. |
| 260 |
_aMéxico : _bSiglo Veintiuno Editores, _c1972. |
||
| 300 |
_a215 p. ; _c16 cm. |
||
| 490 | 1 |
_aMínima _v48 |
|
| 500 | _aTraducido del inglés | ||
| 830 | 0 |
_aMínima _v48 _928232 |
|
| 999 |
_c35231 _d35231 |
||